MARC

Tag First Indicator Second Indicator Subfields
LEADER 00000cam a22000007a 4500
001 in00001726607
005 20151024182349.0
006 m d
007 cr bn 001mabbp
008 840202s1869 paua s 000 1 eng d
035 |a (InU)Wright2-0083A 
040 |a InU  |c InU  |d UtOrBLW 
090 |a PS15 
100 1 |a Arthur, T. S.  |q (Timothy Shay),  |d 1809-1885. 
245 1 0 |a All's for the best /  |c by T.S. Arthur. 
264 1 |a Philadelphia :  |b J.B. Lippincott,  |c 1869. 
300 |a 219 pages :  |b illustrations 
336 |a text  |b txt  |2 rdacontent 
337 |a computer  |b c  |2 rdamedia 
338 |a online resource  |b cr  |2 rdacarrier 
510 4 |a Wright, L. H. Amer. fiction, 1851-1875,  |c 83A  
510 4 |a Amer. fiction, 1774-1910 (microfilm, 1970-1978 ed.),  |c v. 2 (1851-1875), reel A-11, no. 83A 
530 |a Issued also in print and on microfilm. 
533 |a Electronic reproduction.  |b [Bloomington, Ind.] :  |c Indiana University Digital Library Program for the Committee on Institutional Cooperation,   |d [2001 or 2002.]  |f (Wright American fiction, 1851-1875).  |n Digitized image of the microfilm version produced in Woodbridge, CT by Research Publications (later called Primary Source Microfilm).  |n Mode of access: Internet. 
500 |a Electronic resource. 
710 2 |a Indiana University.  |b Digital Library Program. 
710 2 |a Committee on Institutional Cooperation. 
776 1 |c Microfilm  |w (OCoLC)10367928 
830 0 |a Wright American fiction, 1851-1875. 
856 4 0 |u http://purl.dlib.indiana.edu/iudl/wright2/wright2-0083A  |t 0 
999 |a MARS 
999 f f |s 6ddea6cd-c883-3dd9-85c1-a8be0cd3abab  |i f13fe21e-83e8-352a-ba43-28fc33c5b235  |t 0 
952 f f |a Texas A&M University  |b College Station  |c Electronic Resources  |d Available Online  |t 0  |e PS15  |h Library of Congress classification 
998 f f |a PS15  |t 0  |l Available Online